Pokémon - Les attaques de Diancie - Statistiques

Statistiques générales
  • Ce quiz a été pris 18 fois
  • Le résultat moyen est 11 sur 15
Statistiques - réponses
Niveaux Types Noms des coups % Correct
Départ Normal Charge
100%
Niveau 49 Roche Éboulement
100%
Niveau 77 Fée Pouvoir Lunaire
100%
Niveau 63 Roche Rayon Gemme
100%
Niveau 14 Roche Anti-Air
86%
Niveau 84 Roche Lame de Roc
86%
Niveau 91 Roche Orage Adamantin
86%
Niveau 70 Roche Piège de Roc
86%
Niveau 28 Roche Pouvoir Antique
86%
Départ Normal Armure
71%
Niveau 56 Psy Échange
71%
Niveau 42 Psy Mur Lumière
71%
Niveau 35 Roche Poliroche
57%
Niveau 7 Psy Partage Garde
29%
Niveau 21 Normal Gigotage
14%
Aucun quiz correspondant
Distribution des résultats
% des personnes avec chaque résultat
Percentile par nombre de réponses
Votre historique - résultats
Vous n’avez pas pris ce quiz